000 01186nam a2200289 i 4500
003 EG-GICUC
005 20260429114545.0
008 260429s1896 ||| |||frb||| 00| 0 fre d
040 _aEG-GiCUC
_bfre
_cEG-GiCUC
_dEG-GiCUC
_eRda
041 _afre
082 0 4 _221
_a343.3
_bAI . T
092 0 4 _221
099 _aLaw1 10 343.3 AI . T 1896
100 1 _aNormand, Albert,
_d1843-
_eAuteur
245 1 0 _aTraité élémentaire de droit criminel :
_bcomprenant une introduction philosophique et une introduction historique, l'explication des principes généraux du Code pénal, du Code d'instruction criminelle, et l'analyse des lois les plus importantes qui ont modifié ou complété ces deux codes depuis leur promulgation jusquʹen 1896 /
_cAlbert Normand.
264 1 _aParis :
_bA. Pedone,
_c1896.
300 _aviii, 799 page ;
_c 24 cm.
336 _2rda contenu
_a texte
337 _2rda medias
_aOrdinateur
338 _2 transporteur rda
_a Ressource en ligne
546 _aTexte en français
650 1 4 _aCriminal law
_zFrance.
_2qrmak
651 1 _2qrmak
856 4 0 _uhttps://fll.law.cu.edu.eg/fulltext/bks/B10-11775.pdf
905 _a161
942 _2ddc
_cBK
_e21
_n0
999 _c74134
_d74134